|
|
|
|
| LEADER |
00000nam0a2200000 4500 |
| 001 |
291634 |
| 005 |
20231102000417.0 |
| 035 |
|
|
|a (RuTPU)RU\TPU\book\316212
|
| 035 |
|
|
|a RU\TPU\book\220620
|
| 090 |
|
|
|a 291634
|
| 100 |
|
|
|a 20150415d1982 k y0rusy5003 ca
|
| 101 |
0 |
|
|a rus
|
| 102 |
|
|
|a RU
|
| 105 |
|
|
|a a z 001zy
|
| 200 |
1 |
|
|a Физические основы торфяного производства
|e межвузовский тематический сборник
|f Калининский политехнический институт ; под ред. Н. И. Гамаюнова
|
| 210 |
|
|
|a Калинин
|c Изд-во Калининского гос. ун-та
|d 1982
|
| 215 |
|
|
|a 152 с.
|c ил.
|
| 320 |
|
|
|a Библиогр. в конце ст.
|
| 606 |
1 |
|
|a Торф
|x Физико-механические свойства
|2 stltpush
|3 (RuTPU)RU\TPU\subj\61063
|9 78271
|
| 610 |
1 |
|
|a переработка
|
| 610 |
1 |
|
|a торфяное производство
|
| 610 |
1 |
|
|a торфяная промышленность
|
| 610 |
1 |
|
|a торфяные залежи
|
| 610 |
1 |
|
|a торфяные брикеты
|
| 675 |
|
|
|a 622.331.02
|z rus
|v 4
|
| 702 |
|
1 |
|a Гамаюнов
|b Н. И.
|g Николай Иванович
|4 340
|
| 712 |
0 |
2 |
|a Калининский политехнический институт
|
| 801 |
|
0 |
|a RU
|b 63413507
|c 19950417
|g psbo
|
| 801 |
|
1 |
|a RU
|b 63413507
|c 20111013
|
| 801 |
|
2 |
|a RU
|b 63413507
|c 20170713
|g RCR
|
| 942 |
|
|
|c BK
|